Membres du Camp Van Der Line - Red Dead Redemption II - Statistiques

Statistiques générales
  • Ce quiz a été pris 138 fois
  • Le résultat moyen est 20 sur 31
Statistiques - réponses
Mort Réponse % Correct
1899 Arthur Morgan
98%
1911 Dutch Van Der Line
97%
1911 John Marston
97%
1899 Hosea Matthews
88%
1907 Micah Bell
85%
Non Jack Marston
84%
1911 Javier Escuella
83%
1914 Abigail Roberts
82%
Non Sadie Adler
82%
1911 Bill Williamson
81%
1899 Lenny Summers
81%
Non Charles Smith
79%
1899 Sean MacGuire
74%
1899 Susan Grimshaw
71%
Non Karen Jones
70%
Non Tilly Jackson
66%
1911 L'Oncle
65%
Non Mary-Beth Gaskill
65%
Non Simon Pearson
64%
1899 Kieran Duffy
61%
1899 Molly O'Shea
58%
Non Leopold Strauss
56%
Non Orville Swanson
50%
Non Josiah Trelawny
42%
1899 Mac Callander
41%
Oui Jenny Kirk
36%
1899 Davey Callander
27%
1907 Joe
25%
Non/1907 Cleet
22%
<1899 Annabelle
14%
Oui Bessie Matthews
9%
Aucun quiz correspondant
Distribution des résultats
% des personnes avec chaque résultat
Percentile par nombre de réponses
Votre historique - résultats
Vous n’avez pas pris ce quiz